[Event "AUTO-MASTER-1405"]
[Site "http://www.queenalice.com/game.php?id=936592"]
[Date "2011.5.10"]
[Round "1"]
[White "CCapivara"]
[Black "SacrificioDeRei"]
[Result "1-0"]
[WhiteElo "2201"]
[BlackElo "2055"]

1. e4 e5 2. f4 exf4 3. Nf3 d5 4. exd5 Nf6 5. Bb5+ Bd7 6. Qe2+ Qe7 7. Qxe7+ Bxe7
8. Bxd7+ Nbxd7 9. c4 O-O 10. O-O Rfe8 11. Nc3 Rad8 12. d4 Nh5 13. Bd2 c6 14.
Rae1 Ndf6 15. dxc6 bxc6 16. Re5 Bd6 17. Rxe8+ Rxe8 18. h3 h6 19. Kf2 g5 20. Re1
Rxe1 21. Nxe1 Ng3 22. Kf3 Kf8 23. Nd3 Nf5 24. Ne2 Ke7 25. Bb4 Ne3 26. Bxd6+ Kxd6
27. Ne5 Ke6 28. b3 Nf5 29. Nxc6 a6 30. Nc3 Nd6 31. d5+ Kf5 32. Nb4 a5 33. Nc6
1-0

[Event "AUTO-MASTER-1405"]
[Site "http://www.queenalice.com/game.php?id=936593"]
[Date "2011.5.10"]
[Round "1"]
[White "SacrificioDeRei"]
[Black "CCapivara"]
[Result "0-1"]
[WhiteElo "2116"]
[BlackElo "2045"]

1. e4 c6 2. Nf3 d6 3. d4 Nf6 4. Nc3 Bg4 5. Be2 Nbd7 6. O-O e5 7. dxe5 dxe5 8.
Bg5 Qc7 9. a3 Be7 10. Qe1 O-O 11. Rd1 Rfd8 12. Rd3 Nc5 13. Rxd8+ Rxd8 14. Nd2
Bxe2 15. Qxe2 Ne6 16. Bh4 Nf4 17. Qf3 Rxd2 0-1

[Event "AUTO-MASTER-1405"]
[Site "http://www.queenalice.com/game.php?id=936604"]
[Date "2011.5.10"]
[Round "1"]
[White "andreavb"]
[Black "SacrificioDeRei"]
[Result "1-0"]
[WhiteElo "2067"]
[BlackElo "1973"]

1. e4 e5 2. Nf3 Nc6 3. Bc4 Nf6 4. Ng5 d5 5. exd5 Na5 6. Bb5+ c6 7. dxc6 bxc6 8.
Be2 h6 9. Nf3 e4 10. Ne5 Bd6 11. d4 O-O 12. O-O Bf5 13. c3 Qc7 14. f4 Nd5 15. c4
Nf6 16. g4 Bd7 17. a3 Rad8 18. b4 Nb7 19. c5 1-0

[Event "AUTO-MASTER-1405"]
[Site "http://www.queenalice.com/game.php?id=936605"]
[Date "2011.5.10"]
[Round "1"]
[White "SacrificioDeRei"]
[Black "andreavb"]
[Result "0-1"]
[WhiteElo "1961"]
[BlackElo "2079"]

1. e4 Nf6 2. e5 Nd5 3. c4 Nb6 4. d4 d6 5. f4 dxe5 6. fxe5 Bf5 7. Nf3 N8d7 8. Be2
e6 9. O-O Be7 10. Nc3 O-O 11. Qe1 c5 12. dxc5 Bxc5+ 13. Kh1 Qc7 14. Bf4 a6 15.
Rd1 Rad8 16. Qg3 Bg6 17. a3 Nb8 0-1

[Event "AUTO-MASTER-1405"]
[Site "http://www.queenalice.com/game.php?id=936612"]
[Date "2011.5.10"]
[Round "1"]
[White "SacrificioDeRei"]
[Black "PlinioSalgado"]
[Result "0-1"]
[WhiteElo "2031"]
[BlackElo "2204"]

1. e4 c5 2. Nf3 e6 3. d4 cxd4 4. Nxd4 Nf6 5. Nc3 d6 6. Be2 a6 7. O-O Be7 8. Be3
O-O 9. f4 Qc7 10. f5 e5 11. Nb3 Nc6 12. g4 h6 13. Qe1 b5 14. a3 Bb7 15. g5 hxg5
16. Bxg5 Nd4 17. Bd3 Nxb3 18. cxb3 Rac8 19. Rc1 Qd7 20. b4 d5 21. Bxf6 Bxf6 22.
exd5 Bxd5 23. Nxd5 Qxd5 0-1

[Event "AUTO-MASTER-1405"]
[Site "http://www.queenalice.com/game.php?id=936613"]
[Date "2011.5.10"]
[Round "1"]
[White "PlinioSalgado"]
[Black "SacrificioDeRei"]
[Result "1/2-1/2"]
[WhiteElo "2123"]
[BlackElo "2083"]

1. e4 e5 2. Nf3 Nc6 3. Bb5 a6 4. Ba4 Nf6 5. O-O d6 6. d4 exd4 7. Nxd4 Bd7 8.
Nxc6 Bxc6 9. Bxc6+ bxc6 10. Re1 Be7 11. e5 dxe5 12. Qxd8+ Rxd8 13. Nc3 O-O 14.
Rxe5 Rfe8 15. Bf4 Nd5 16. Nxd5 cxd5 17. Rae1 Kf8 18. c3 1/2-1/2

[Event "AUTO-OPEN-2386"]
[Site "http://www.queenalice.com/game.php?id=948242"]
[Date "2011.6.10"]
[Round "1"]
[White "Ivanchuk29"]
[Black "SacrificioDeRei"]
[Result "0-1"]
[WhiteElo "1358"]
[BlackElo "1990"]

1. e4 e5 2. Nc3 Nf6 3. Nf3 Nc6 4. Bb5 d6 5. d4 exd4 6. Nxd4 Bd7 7. O-O Be7 8.
Nxc6 bxc6 9. Be2 O-O 10. Bg5 Re8 11. Re1 Be6 12. Bf3 h6 0-1

[Event "AUTO-OPEN-2386"]
[Site "http://www.queenalice.com/game.php?id=948243"]
[Date "2011.6.10"]
[Round "1"]
[White "SacrificioDeRei"]
[Black "Ivanchuk29"]
[Result "1-0"]
[WhiteElo "1992"]
[BlackElo "1356"]

1. e4 e6 2. d4 d5 3. exd5 exd5 4. Nf3 Bd6 5. Bd3 Ne7 6. O-O O-O 7. Re1 Nbc6 8.
Bg5 h6 9. Bh4 Bg4 10. c3 Qd7 11. Nbd2 Nf5 12. Bg3 1-0

[Event "AUTO-MASTER-1427"]
[Site "http://www.queenalice.com/game.php?id=948514"]
[Date "2011.6.11"]
[Round "1"]
[White "SacrificioDeRei"]
[Black "shmurtz91"]
[Result "0-1"]
[WhiteElo "2005"]
[BlackElo "2025"]

1. e4 e6 2. d4 c6 3. c4 d6 4. Nf3 Nf6 5. Nc3 b5 6. cxb5 Bb7 7. Be2 cxb5 8. Bxb5+
Nbd7 9. Bg5 Be7 10. Qe2 O-O 11. O-O Nb6 12. Rfd1 h6 13. Bh4 Nh5 14. Bxe7 Qxe7
0-1

[Event "AUTO-MASTER-1427"]
[Site "http://www.queenalice.com/game.php?id=948515"]
[Date "2011.6.11"]
[Round "1"]
[White "shmurtz91"]
[Black "SacrificioDeRei"]
[Result "1-0"]
[WhiteElo "2008"]
[BlackElo "2022"]

1. e4 e5 2. Nf3 Nc6 3. d4 exd4 4. Nxd4 d5 5. Nxc6 bxc6 6. exd5 cxd5 7. Bb5+ Bd7
8. Qxd5 Nf6 9. Bxd7+ Nxd7 10. O-O Be7 11. Nd2 O-O 12. Ne4 Re8 13. Ng3 Bd6 14.
Bd2 Nf6 15. Qd3 Qd7 16. Rad1 1-0

[Event "AUTO-MASTER-1427"]
[Site "http://www.queenalice.com/game.php?id=948516"]
[Date "2011.6.11"]
[Round "1"]
[White "SacrificioDeRei"]
[Black "stevelco"]
[Result "0-1"]
[WhiteElo "1983"]
[BlackElo "2139"]

1. e4 c6 2. d4 d5 3. exd5 cxd5 4. Nf3 Bf5 5. Be2 e6 6. O-O Bd6 7. c3 Ne7 8. Bg5
Nbc6 9. Nbd2 h6 10. Bh4 O-O 11. Re1 Qc7 12. Bg3 Bxg3 13. hxg3 a6 14. Nh4 Bh7 15.
Bg4 g5 0-1

[Event "AUTO-MASTER-1427"]
[Site "http://www.queenalice.com/game.php?id=948517"]
[Date "2011.6.11"]
[Round "1"]
[White "stevelco"]
[Black "SacrificioDeRei"]
[Result "1-0"]
[WhiteElo "2131"]
[BlackElo "1994"]

1. e4 e5 2. Bc4 Nf6 3. d3 d5 4. exd5 Nxd5 5. Nf3 Nc6 6. O-O Bg4 7. Re1 Be7 8. h3
Bh5 9. g4 Bg6 10. Nxe5 Nxe5 11. Rxe5 Nf6 12. Qe2 h6 13. Nc3 Qd7 14. Nd5 Nxd5 15.
Rxd5 Qc6 16. Bb5 1-0

[Event "AUTO-MASTER-1427"]
[Site "http://www.queenalice.com/game.php?id=948518"]
[Date "2011.6.11"]
[Round "1"]
[White "SacrificioDeRei"]
[Black "FabioSelinger"]
[Result "0-1"]
[WhiteElo "2045"]
[BlackElo "2104"]

1. e4 c5 2. Nf3 Nc6 3. d4 cxd4 4. Nxd4 Nf6 5. Nc3 e5 6. Nb3 d6 7. Be2 Be7 8. O-O
O-O 9. Bg5 Be6 10. f3 Rc8 11. Qd2 Ne8 12. Bxe7 Nxe7 13. Kh1 f5 14. Rad1 fxe4 15.
fxe4 Rxf1+ 16. Rxf1 Nf6 17. Rd1 Rxc3 18. Qxc3 Nxe4 0-1

[Event "AUTO-MASTER-1427"]
[Site "http://www.queenalice.com/game.php?id=948519"]
[Date "2011.6.11"]
[Round "1"]
[White "FabioSelinger"]
[Black "SacrificioDeRei"]
[Result "1-0"]
[WhiteElo "2028"]
[BlackElo "2073"]

1. e4 e5 2. Nf3 Nc6 3. d4 exd4 4. Nxd4 d5 5. Bb5 Ne7 6. O-O g6 7. exd5 Qxd5 8.
Re1 Be6 9. Nc3 Qd6 10. Ne4 Qe5 11. Ng5 Qd6 12. Ngxe6 fxe6 13. Rxe6 Qc5 14. Bxc6+
bxc6 15. c3 O-O-O 16. Qa4 Nf5 17. Rxc6 1-0